| 000 | 00406nam a2200157 a 4500 | ||
|---|---|---|---|
| 001 | 5654 | ||
| 003 | CDMR | ||
| 005 | 20151022114802.0 | ||
| 008 | 130130s1997||||||||||||||||||||||||||||d | ||
| 040 |
_aCDMR _bcat _cCPC GIRONA |
||
| 245 | 0 | _aVII Conferencia Anual de la SCC | |
| 260 |
_c1997 _aGirona |
||
| 500 | _aDossier de la conferència | ||
| 710 | 2 |
_994 _aSocietat Catalana de Comunicació |
|
| 942 |
_cMON _2udc |
||
| 999 |
_c5654 _d5654 |
||